| 000 | 00889nmc a2200289 a 4500 | ||
|---|---|---|---|
| 003 | AR-BaBNM | ||
| 005 | 20251128204652.0 | ||
| 008 | 011101s1994 ||||||||||||||000 | spa|| | ||
| 020 | _a950-500-313-7 | ||
| 040 | _cAR-BaBNM | ||
| 100 | 1 | _aGusmerotti, Gabriela | |
| 245 | 1 | 0 |
_aArte, naturaleza y buen humor _b7 canciones didácticas : composiciones para canto y piano |
| 250 | _a1ª ed. | ||
| 260 |
_aBuenos Aires _bGuadalupe _c1994 |
||
| 300 |
_a31 p. _bil. |
||
| 490 | 0 | _aBiblioteca pedagógica. Didáctica musical | |
| 500 | _aContiene partituras musicales de chacareras y camdombe | ||
| 650 | 4 | _aEDUCACION MUSICAL | |
| 650 | 4 | _aCANCIONES FOLKLORICAS | |
| 650 | 4 | _aPARTITURAS MUSICALES | |
| 650 | 4 | _aPOESIA | |
| 650 | 4 | _aCOMPOSICION MUSICAL | |
| 700 | 1 |
_aSchoffen, Luis A. _ecoordinador |
|
| 800 | 1 |
_aHemsy de Gainza, Violeta _edirector |
|
| 942 | _cBK | ||
| 998 | _cCarmen | ||
| 999 |
_c8318 _d8318 |
||